00319nam a2200133Ia 45000030006000000080041000060400015000471000017000622450034000792500010001132600033001235460012001560050017001680STCL150530s9999 xx 000 0 und d aSTCLcSTCL aSayers, R.S. aCentral banking after Bagehot aFirst bOxford Clarendon pressc1958 aEnglish20220125165531.0